000 00347nam a2200157Ia 4500
003 OSt
008 191201s2014 xx 000 0 und d
082 _a005.74
_bELD
100 _aELMASRI,Ramez
245 0 _aDatabase Systems
250 _a2nd
260 _aNew Delhi
_bPearson
_c2014
300 _a1214
650 _aB.Tech(CSE)
942 _2ddc
_cBK
999 _c5935
_d5935